000 00560nam a22001697a 4500
005 20251108172959.0
008 250721s2001 xx 000 0 ara d
082 1 4 _a962.061/خطا
245 1 0 _aخطابات الرئيس جمال عبد الناصر و مقابلاته الصحفية 1959 /
264 1 _aالقاهرة :
_bمكتبة مدبولي،
_c2001.
300 _a297 ص
650 1 7 _aتاريخ مصر
650 1 7 _aعهد جمال عبد الناصر -1954 - 1970
650 1 7 _aالخطب السياسة
942 _2ddc
_cBK
999 _c93262
_d93262